00960nam a22002177a 4500003000500000005001700005008004100022010001100063011001100074035001100085040000900096100002700105245018900132260006200321500006000383502010400443650004100547650004100588650004900629856006400678CHAP20220329143841.0120124s2011 mx r 00010 spa d a102768 a103740 a114429 cCHAP1 aRoblero Morales, Marin13aEl despertar de la serpiente, la Sierra Madre de Chiapas en riesgo :bExtracción minera y comunidades en resistencia en Chicomuselo, Chiapash[En línea]c/por Marin Roblero Morales aSan Cristóbal de las Casas, Chiapas. :bEl autor,c2011 aPara ver el contenido del material haga clic en la liga aTesis (M.C. en Desarrollo Rural Regional) -- UACH. Dirección de Centros Regionales Universitarios14aDesarrollo de la comunidadzChiapas.14aMinas y recursos mineralesxChiapas.14aRecursos naturalesxConservaciónzChiapas. 3Finding aiduhttp://10.13.5.2/tesis/114429.pdfzTeclea aqui